000 00484cam a2200193 4500
001 D3815
008 090401t1899 xxu||||| |||| 00| 0 eng d
035 _a(Sirsi) u75116
041 _aeng
050 _a346.410434
100 _aFletcher, Banister
245 _aDilapidations: a textbook for architects and surveyors in tabulated form
250 _a5th
260 _aLondon
_bBatsford
_c1899
300 _axviii. 221p. 19cm
350 _a0
942 _n0
948 _c04/03/1997
999 _c95959
_d95959